| 000 | 00421nab a2200145Ia 4500 | ||
|---|---|---|---|
| 003 | ES-SlBCS | ||
| 005 | 20210601130451.0 | ||
| 008 | 140529s1975 xxu||||| |||| 00| 0 fre d | ||
| 041 | _afre | ||
| 100 | 1 |
_aForest, Aimé _956942 |
|
| 245 | 0 | 0 |
_aLe Dieu de Lachelier _c Aimé Forest |
| 600 | 1 |
_aLachelier, Jules-Dios _9173343 |
|
| 773 | 0 |
_tGiornali di Metafisica _gvol. 30, nº. 1, 1975, págs. 39-58 _w0017-0372 |
|
| 942 | _cAR | ||
| 999 |
_c547181 _d547181 |
||